Pontevedra turística (Record no. 157010)

MARC details
000 -LEADER
campo de control de longitud fija 00649nam a2200181 i 4500
001 - NÚMERO DE CONTROL
campo de control 157010
003 - IDENTIFICADOR DE NÚMERO DE CONTROL
campo de control ES-MaACL
005 - FECHA Y HORA DE LA ÚLTIMA TRANSACCIÓN
campo de control 20231212161145.0
008 - DATOS DE LONGITUD FIJA--INFORMACIÓN GENERAL
campo de control de longitud fija 180109s1990 sp |||| |bspa d
245 00 - MENCIÓN DEL TÍTULO
Título Pontevedra turística
Resto del título : guía provincial.
260 ## - PUBLICACIÓN, DISTRIBUCIÓN, ETC.
Lugar de publicación, distribución, etc. Pontevedra :
Nombre del editor, distribuidor, etc. Patronato Provincial de Turismo "Rías Baixas",
Fecha de publicación, distribución, etc. D.L. 1990.
300 ## - DESCRIPCIÓN FÍSICA
Extensión 270 p. :
Otras características físicas il. ;
Dimensiones 23 cm.
651 #4 - PUNTO DE ACCESO ADICIONAL DE MATERIA--NOMBRE GEOGRÁFICO
Nombre geográfico Pontevedra (Provincia)-
Subdivisión de forma Guías turísticas.
9 (RLIN) 164006
710 2# - ENTRADA AGREGADA--NOMBRE DE ENTIDAD CORPORATIVA
Nombre de entidad corporativa o nombre de jurisdicción como elemento de entrada Patronato Provincial de Turismo "Rías Baixas"
9 (RLIN) 164007
852 ## - LOCALIZACIÓN
Ubicación ES-MaACL
Número de control de estantería A-14046
itemnumber 162799
Sublocalización o colección R.151588
Ubicación en estantería Depósito 1
Signatura antigua Olim: N-7046
942 ## - ELEMENTOS DE ENTRADA SECUNDARIOS (KOHA)
Fuente del sistema de clasificación o colocación Clasificación decimal universal
Tipo de ítem Koha Libro impreso
Holdings
Estatus retirado Estado de pérdida Fuente del sistema de clasificación o colocación Estado de daño No para préstamo Biblioteca de origen Biblioteca actual Ubicación en estantería Fecha de adquisición Fuente de adquisición Total de préstamos Signatura topográfica completa Código de barras Visto por última vez Precio de reemplazo Tipo de ítem Koha
    Clasificación decimal universal     Biblioteca del Ateneo de Madrid Biblioteca del Ateneo de Madrid Depósito 1 09/01/2018 Donación   A-14046 1198229 23/02/2023 23/02/2023 Libro impreso